[Event "GER-chT U16"]
[Site "Neumarkt in der Oberpfalz"]
[Date "2016.12.30"]
[Round "7.1"]
[White "Schilay, Lorenz"]
[Black "Kandler, Philipp"]
[Result "1-0"]
[WhiteElo "1836"]
[BlackElo "1695"]
[PlyCount "53"]
[EventDate "2016.12.27"]
[EventType "team-swiss"]
[EventRounds "7"]
[EventCountry "GER"]
[SourceTitle "EXT 2018"]
[Source "ChessBase"]
[SourceDate "2017.10.13"]
[SourceVersion "1"]
[SourceVersionDate "2017.10.13"]
[SourceQuality "1"]
[WhiteTeam "Neumarkt"]
[BlackTeam "Guetersloh"]
[WhiteTeamCountry "GER"]
[BlackTeamCountry "GER"]

1. e4 c5 2. Nc3 Nc6 3. f4 d6 4. Nf3 g6 5. Bb5 Bd7 6. Bxc6 Bxc6 7. d3 Bg7 8. 0-0 e6 9. Qe1 Ne7 10. Qh4 Bd7 11. Be3 Nc6 12. Qg3 0-0 13. e5 Qb6 14. Ne4 Qxb2 15. Nxd6 b6 16. Rfc1 Qa3 17. Nd2 f6 18. N2c4 Qa6 19. a4 fxe5 20. fxe5 Na5 21. Nxa5 Qxa5 22. Bg5 Qc3 23. Re1 Qxc2 24. Be7 Rfb8 25. Qf3 Bf8 26. Qf7+ Kh8 27. Bf6+ 1-0

[Event "GER-chT U16"]
[Site "Neumarkt in der Oberpfalz"]
[Date "2016.12.29"]
[Round "6.1"]
[White "Linnert, Niklas"]
[Black "Kandler, Philipp"]
[Result "1-0"]
[WhiteElo "1889"]
[BlackElo "1695"]
[PlyCount "55"]
[EventDate "2016.12.27"]
[EventType "team-swiss"]
[EventRounds "7"]
[EventCountry "GER"]
[SourceTitle "EXT 2018"]
[Source "ChessBase"]
[SourceDate "2017.10.13"]
[SourceVersion "1"]
[SourceVersionDate "2017.10.13"]
[SourceQuality "1"]
[WhiteTeam "Plauen Koenig"]
[BlackTeam "Guetersloh"]
[WhiteTeamCountry "GER"]
[BlackTeamCountry "GER"]

1. d4 d5 2. Nf3 Nf6 3. e3 e6 4. Bd3 c5 5. b3 Nc6 6. Bb2 Bd6 7. Nbd2 0-0 8. 0-0 cxd4 9. exd4 Qc7 10. Re1 Nb4 11. Qe2 Nxd3 12. Qxd3 Bf4 13. Ne5 Bd7 14. Ndf3 Rac8 15. c4 dxc4 16. bxc4 Bc6 17. Nxc6 Qxc6 18. g3 Bh6 19. Ne5 Qc7 20. Rad1 Rfd8 21. Qb3 Nd7 22. Nxd7 Rxd7 23. d5 exd5 24. cxd5 Rcd8 25. Ba3 g6 26. d6 Qc6 27. Re7 Bg5 28. Qxf7+ 1-0

[Event "GER-chT U16"]
[Site "Neumarkt in der Oberpfalz"]
[Date "2016.12.28"]
[Round "4.1"]
[White "Kandler, Philipp"]
[Black "Wendler, David"]
[Result "0-1"]
[WhiteElo "1695"]
[BlackElo "1970"]
[PlyCount "94"]
[EventDate "2016.12.27"]
[EventType "team-swiss"]
[EventRounds "7"]
[EventCountry "GER"]
[SourceTitle "EXT 2018"]
[Source "ChessBase"]
[SourceDate "2017.10.13"]
[SourceVersion "1"]
[SourceVersionDate "2017.10.13"]
[SourceQuality "1"]
[WhiteTeam "Guetersloh"]
[BlackTeam "Bebenhausen"]
[WhiteTeamCountry "GER"]
[BlackTeamCountry "GER"]

1. e4 c5 2. Nc3 Nc6 3. f4 g6 4. Nf3 Bg7 5. Bb5 Nd4 6. 0-0 Nxb5 7. Nxb5 d5 8. exd5 a6 9. Nc3 Nf6 10. d3 Nxd5 11. Ne4 Qc7 12. Kh1 0-0 13. Qe1 e6 14. Qh4 c4 15. d4 Qe7 16. Qxe7 Nxe7 17. Nd6 b5 18. Nxc8 Rfxc8 19. Bd2 a5 20. c3 h5 21. g3 Nd5 22. Ne5 Ra7 23. a3 Bf8 24. Rfc1 Bd6 25. a4 b4 26. cxb4 Bxe5 27. dxe5 axb4 28. b3 c3 29. Be1 Ra5 30. Bf2 Rc6 31. Rc2 Kf8 32. Kg1 Ke8 33. Kg2 Kd7 34. Rd1 Kc7 35. Bd4 Kb7 36. Kf3 Rc7 37. h3 Ra8 38. Ke4 Kc6 39. Rd3 Rd7 40. Rc1 Rad8 41. Rc2 Kb7 42. Rc1 Ne7 43. g4 Nc6 44. Rcd1 Rxd4+ 45. Rxd4 Rxd4+ 46. Rxd4 Nxd4 47. Kd3 Nxb3 0-1

[Event "GER-chT U16"]
[Site "Neumarkt in der Oberpfalz"]
[Date "2016.12.28"]
[Round "3.1"]
[White "Muehlpfordt, Thomas"]
[Black "Kandler, Philipp"]
[Result "1-0"]
[WhiteElo "1771"]
[BlackElo "1695"]
[PlyCount "95"]
[EventDate "2016.12.27"]
[EventType "team-swiss"]
[EventRounds "7"]
[EventCountry "GER"]
[SourceTitle "EXT 2018"]
[Source "ChessBase"]
[SourceDate "2017.10.13"]
[SourceVersion "1"]
[SourceVersionDate "2017.10.13"]
[SourceQuality "1"]
[WhiteTeam "Lambsheim"]
[BlackTeam "Guetersloh"]
[WhiteTeamCountry "GER"]
[BlackTeamCountry "GER"]

1. e4 e5 2. Nf3 Nf6 3. Nxe5 d6 4. Nf3 Nxe4 5. d4 Be7 6. Bd3 d5 7. 0-0 0-0 8. Re1 Nd6 9. Bf4 Bg4 10. h3 Bh5 11. Nbd2 Nd7 12. c3 Bg6 13. Nf1 Nf6 14. Ng3 c6 15. Ne5 Bxd3 16. Nxd3 Nde4 17. Nf5 Re8 18. f3 Nd6 19. Rxe7 Nxf5 20. Rxb7 Nd6 21. Bxd6 Qxd6 22. Ne5 Rab8 23. Rxb8 Rxb8 24. b3 Nd7 25. Nxd7 Qxd7 26. Qd2 h6 27. Re1 Re8 28. Kf2 Rxe1 29. Qxe1 Qf5 30. Qe8+ Kh7 31. Qxc6 Qc2+ 32. Kg3 Qxa2 33. Qxd5 Qb2 34. Qc4 Qd2 35. Qc5 Qc2 36. b4 f6 37. c4 Qd2 38. b5 Qc1 39. Qd5 Qd2 40. c5 Qe1+ 41. Kh2 Qb4 42. c6 Qd2 43. Qe4+ Kh8 44. c7 Qc1 45. Qe8+ Kh7 46. c8Q Qf4+ 47. Kh1 Qxd4 48. Qc2+ 1-0

[Event "GER-chT U16"]
[Site "Lingen"]
[Date "2015.12.30"]
[Round "7.3"]
[White "Kandler, Philipp"]
[Black "Klee, Otto"]
[Result "1-0"]
[WhiteElo "1511"]
[BlackElo "1515"]
[PlyCount "59"]
[EventDate "2015.12.27"]
[EventType "team-swiss"]
[EventRounds "7"]
[EventCountry "GER"]
[SourceTitle "EXT 2017"]
[Source "ChessBase"]
[SourceDate "2016.10.25"]
[SourceVersion "1"]
[SourceVersionDate "2016.10.25"]
[SourceQuality "1"]
[WhiteTeam "Guetersloh"]
[BlackTeam "Weimar Vimaria"]
[WhiteTeamCountry "GER"]
[BlackTeamCountry "GER"]

1. e4 c5 2. Nc3 Nc6 3. f4 e6 4. Nf3 g6 5. Bb5 Nge7 6. 0-0 a6 7. Bxc6 Nxc6 8. d3 Bg7 9. Qe1 0-0 10. Qg3 d5 11. e5 b5 12. Ng5 Nd4 13. Rf2 b4 14. Nd1 Qb6 15. Qh3 h6 16. Nf3 Nf5 17. g4 Ne7 18. Qh4 Re8 19. f5 exf5 20. Bxh6 f6 21. Bxg7 Kxg7 22. g5 fxg5 23. Qxg5 Nc6 24. Qf6+ Kh6 25. Rg2 c4+ 26. Kh1 Rg8 27. Nh4 Kh7 28. Nxg6 Qc7 29. Nf8+ Rxf8 30. Qh4# 1-0

[Event "GER-chT U16"]
[Site "Lingen"]
[Date "2015.12.28"]
[Round "4.3"]
[White "Kandler, Philipp"]
[Black "Erlekam, Simon"]
[Result "0-1"]
[WhiteElo "1511"]
[BlackElo "1774"]
[PlyCount "47"]
[EventDate "2015.12.27"]
[EventType "team-swiss"]
[EventRounds "7"]
[EventCountry "GER"]
[SourceTitle "EXT 2017"]
[Source "ChessBase"]
[SourceDate "2016.10.25"]
[SourceVersion "1"]
[SourceVersionDate "2016.10.25"]
[SourceQuality "1"]
[WhiteTeam "Guetersloh"]
[BlackTeam "Gau Algesheim"]
[WhiteTeamCountry "GER"]
[BlackTeamCountry "GER"]

1. e4 c5 2. Nc3 Nc6 3. f4 e6 4. Nf3 d5 5. Bb5 a6 6. Bxc6+ bxc6 7. d3 Nf6 8. 0-0 Be7 9. Qe1 0-0 10. Qg3 Re8 11. Qh3 e5 12. f5 Qc7 13. Bg5 Bb7 14. Qg3 Nh5 15. Qf2 Bxg5 16. Nxg5 Qe7 17. Qh4 Nf6 18. Rf3 c4 19. Raf1 cxd3 20. cxd3 Rad8 21. Nxh7 Nxh7 22. f6 Nxf6 23. Rxf6 Rd6 24. Qg5 0-1

[Event "GER-chT U16"]
[Site "Lingen"]
[Date "2015.12.27"]
[Round "1.3"]
[White "Behringer, Tom"]
[Black "Kandler, Philipp"]
[Result "0-1"]
[WhiteElo "1710"]
[BlackElo "1511"]
[PlyCount "114"]
[EventDate "2015.12.27"]
[EventType "team-swiss"]
[EventRounds "7"]
[EventCountry "GER"]
[SourceTitle "EXT 2017"]
[Source "ChessBase"]
[SourceDate "2016.10.25"]
[SourceVersion "1"]
[SourceVersionDate "2016.10.25"]
[SourceQuality "1"]
[WhiteTeam "Kiel Doppelbauer"]
[BlackTeam "Guetersloh"]
[WhiteTeamCountry "GER"]
[BlackTeamCountry "GER"]

1. d4 d5 2. c4 e6 3. Nc3 Nf6 4. Bg5 Nbd7 5. cxd5 exd5 6. Nxd5 Nxd5 7. Bxd8 Bb4+ 8. Qd2 Bxd2+ 9. Kxd2 Kxd8 10. e3 N7b6 11. Nf3 f6 12. Bd3 Bd7 13. Rac1 c6 14. a3 Ke7 15. Rhe1 Bg4 16. Ng1 g6 17. h3 Bd7 18. Ne2 Rhe8 19. e4 Nc7 20. f4 Kf8 21. e5 fxe5 22. dxe5 Rad8 23. Ke3 Nbd5+ 24. Kf3 Kg7 25. g4 Rf8 26. Kg3 h5 27. Rf1 Ne3 28. Rf3 Ncd5 29. gxh5 gxh5 30. Rg1 Kh6 31. Kf2 Nf5 32. Ke1 Rg8 33. Rxg8 Rxg8 34. Bxf5 Bxf5 35. Nd4 Be4 36. Rf1 Ne3 37. Rf2 Rf8 38. Re2 Ng2+ 39. Kf2 Rxf4+ 40. Kg3 h4+ 41. Kh2 Bd5 42. e6 Rxd4 43. e7 Bf7 44. Kxg2 Be8 45. Kf3 Kg7 46. Ke3 Rd7 47. Kf4 Kf7 48. Kg5 Rxe7 49. Rf2+ Ke6 50. Kxh4 Kd6 51. Kg5 Rg7+ 52. Kh6 Rg8 53. h4 Rh8+ 54. Kg5 Rh5+ 55. Kg4 Rd5 56. Rh2 Kc5 57. h5 Rxh5 0-1

[Event "GER-chT U14"]
[Site "Regensburg"]
[Date "2014.12.30"]
[Round "7.2"]
[White "Klein, Sebastian"]
[Black "Kandler, Philipp"]
[Result "1/2-1/2"]
[WhiteElo "1303"]
[BlackElo "1353"]
[PlyCount "50"]
[EventDate "2014.12.27"]
[EventType "team-swiss"]
[EventRounds "7"]
[EventCountry "GER"]
[SourceTitle "EXT 2018"]
[Source "ChessBase"]
[SourceDate "2017.10.13"]
[SourceVersion "1"]
[SourceVersionDate "2017.10.13"]
[SourceQuality "1"]
[WhiteTeam "Spaichingen"]
[BlackTeam "Guetersloh"]
[WhiteTeamCountry "GER"]
[BlackTeamCountry "GER"]

1. c4 e5 2. Nc3 Nf6 3. g3 c5 4. Bg2 d6 5. d3 Nc6 6. Nf3 Be7 7. 0-0 0-0 8. b3 Rb8 9. Ng5 Bf5 10. Nge4 Nxe4 11. Bxe4 Bxe4 12. Nxe4 f5 13. Nc3 Bg5 14. f4 exf4 15. Bxf4 Bf6 16. Rc1 Bd4+ 17. Kg2 Ne5 18. Bxe5 Bxe5 19. e3 Qg5 20. Nd5 h5 21. d4 Bf6 22. Nf4 Rbe8 23. h4 Qh6 24. Qf3 Re4 25. Rce1 cxd4 1/2-1/2

[Event "GER-chT U14"]
[Site "Regensburg"]
[Date "2014.12.29"]
[Round "6.2"]
[White "Kandler, Philipp"]
[Black "Gomolinsky, Phil"]
[Result "0-1"]
[WhiteElo "1353"]
[BlackElo "1527"]
[PlyCount "168"]
[EventDate "2014.12.27"]
[EventType "team-swiss"]
[EventRounds "7"]
[EventCountry "GER"]
[SourceTitle "EXT 2016"]
[Source "ChessBase"]
[SourceDate "2015.10.08"]
[SourceVersion "1"]
[SourceVersionDate "2015.10.08"]
[SourceQuality "1"]
[WhiteTeam "Guetersloh"]
[BlackTeam "Porta Westfalica"]
[WhiteTeamCountry "GER"]
[BlackTeamCountry "GER"]

1. e4 c5 2. Nf3 Nc6 3. d4 cxd4 4. Nxd4 g6 5. Nc3 Bg7 6. Be3 Nf6 7. Bc4 0-0 8. Bb3 d6 9. h3 Bd7 10. Qd2 Qa5 11. f3 Rfc8 12. 0-0-0 Ne5 13. Bh6 Bh8 14. Nd5 Qxd2+ 15. Rxd2 Nxd5 16. Bxd5 Bc6 17. Nxc6 bxc6 18. Bb3 Rcb8 19. c3 Rb7 20. Be3 a5 21. Ba4 Rc8 22. b3 Bf6 23. c4 Nd7 24. Rc2 Nb6 25. Bxb6 Rxb6 26. c5 Rb7 27. cxd6 exd6 28. Kd2 Rbc7 29. Ke2 d5 30. Ke3 d4+ 31. Kd3 Be5 32. Rc4 c5 33. Rhc1 Bd6 34. a3 Rb8 35. e5 Be7 36. b4 axb4 37. axb4 Ra7 38. b5 Rba8 39. Ra1 Ra5 40. Ra2 Rxb5 41. Bxb5 Rxa2 42. g3 Ra3+ 43. Ke4 Re3+ 44. Kf4 g5+ 45. Kg4 Rxe5 46. f4 gxf4 47. Kxf4 Bd6 48. Kf3 Re3+ 49. Kg2 Rxg3+ 50. Kf2 Rxh3 51. Bd7 Re3 52. Ra4 h5 53. Ra8+ Kg7 54. Ra6 Bg3+ 55. Kg2 h4 56. Rc6 Re5 57. Kf3 d3 58. Rd6 c4 59. Rd4 Re1 60. Rxc4 d2 61. Ba4 d1Q+ 62. Bxd1 Rxd1 63. Kg4 Kg6 64. Rc3 f5+ 65. Kf3 Kg5 66. Rc5 Ra1 67. Rd5 Ra3+ 68. Kg2 Kg4 69. Rd4+ f4 70. Kf1 h3 71. Rd1 Re3 72. Rc1 Re1+ 73. Rxe1 Bxe1 74. Kg1 Kg3 75. Kh1 f3 76. Kg1 f2+ 77. Kf1 h2 78. Ke2 h1Q 79. Kd1 Qd5+ 80. Ke2 f1Q+ 81. Kxf1 Qg2+ 82. Kxe1 Kf3 83. Kd1 Qb2 84. Ke1 Qc1# 0-1

[Event "GER-chT U14"]
[Site "Regensburg"]
[Date "2014.12.28"]
[Round "4.2"]
[White "Muehlpfordt, Thomas"]
[Black "Kandler, Philipp"]
[Result "1/2-1/2"]
[WhiteElo "1504"]
[BlackElo "1353"]
[PlyCount "77"]
[EventDate "2014.12.27"]
[EventType "team-swiss"]
[EventRounds "7"]
[EventCountry "GER"]
[SourceTitle "EXT 2016"]
[Source "ChessBase"]
[SourceDate "2015.10.08"]
[SourceVersion "1"]
[SourceVersionDate "2015.10.08"]
[SourceQuality "1"]
[WhiteTeam "Lambsheim"]
[BlackTeam "Guetersloh"]
[WhiteTeamCountry "GER"]
[BlackTeamCountry "GER"]

1. e4 c5 2. Nf3 Nc6 3. d4 cxd4 4. Nxd4 e5 5. Nb5 d6 6. N1c3 a6 7. Na3 b5 8. Nd5 Nf6 9. Be3 Nxd5 10. exd5 Ne7 11. Qd2 Bb7 12. c4 bxc4 13. Bxc4 Nf5 14. 0-0 Be7 15. Nc2 0-0 16. Nb4 Nxe3 17. Qxe3 Bg5 18. Qa3 Qb6 19. Rad1 Rfc8 20. b3 Rc5 21. Nc2 Rac8 22. Ne3 Ra5 23. Qc1 Rxa2 24. Qb1 Ra5 25. Rfe1 Rac5 26. Qf5 Qd8 27. Bd3 g6 28. Qh3 Bxe3 29. fxe3 Rxd5 30. Rf1 Rdc5 31. e4 Rc3 32. Rxf7 Kxf7 33. Qxh7+ Ke8 34. Rf1 Qe7 35. Qg8+ Kd7 36. Qxg6 Rc1 37. Qg4+ Kd8 38. Qg8+ Kd7 39. Qg4+ 1/2-1/2